000 01109nam a22002415i 4500
001 160809
003 ES-MaACL
005 20250831063041.0
008 950206s1880 sp a |||| | spa d
040 _aCLM
_bspa
_cCCPB | PA2
100 1 _aNovo y Colson, Pedro de,
_d1846-1931
_986091
245 1 0 _aHistoria de las exploraciones árticas hechas en busca del paso del nordeste /
_cpor Pedro de Novo y Colson ; con un prólogo de Cesáreo Fernandez Duro.
260 _aMadrid :
_b[s.n.],
_c1880 (
_fImp. de Fortanet)
300 _aXIII, 260 p., [1] h. de map. pleg. :
_bil. ;
_c24 cm.
500 1 _aEn port.: "contiene un mapa, y un retrato del Sr. Nordenskiöld"
530 _aDisponible en formato digital.
651 4 _aRegiones árticas-
_xDescubrimientos y exploraciones.
_99304
651 4 _aPaso del Nordeste-
_xDescubrimientos y exploraciones.
_9144566
700 1 _aFernández Duro, Cesáreo,
_d1830-1908
_949752
852 _aES-MaACL
_jG-9562
_z-- Enc. hol.
856 _uhttp://bdh-rd.bne.es/viewer.vm?id=0000081212&page=1
_zBiblioteca Digital Hispánica
999 _c160809
_d160809